Normal view
MARC view
Entry Topical Term
001 - CONTROL NUMBER
- control field: 19297
003 - CONTROL NUMBER IDENTIFIER
- control field: OSt
005 - DATE AND TIME OF LATEST TRANSACTION
- control field: 20201112164244.0
008 - FIXED-LENGTH DATA ELEMENTS
- fixed length control field: 201112|| aca||aabn | a|a d
040 ## - CATALOGING SOURCE
- Original cataloging agency: OSt
- Transcribing agency: OSt
150 ## - HEADING--TOPICAL TERM
- Topical term or geographic name entry element: Consumption corridors. Good life- Protected needs. Societal acceptance. Limiting consumption. Sustainable consumption policies
670 ## - SOURCE DATA FOUND
- Source citation: Work cat.: (OSt): Defila. R. Giulio, Antonietta Di. 19296, The concept of "Consumption corridors" meets society: How an idea for fundamental changes in consumption is received
